000 01081nam a2200229Ia 4500
001 L266-21395
003 IT-CnALBA
008 170116s9999||||xx |||||||||||||| ||und||
040 _aIT-CnALBA
_cIT-CnALBA
041 _aITALIANO
100 _aRULLA P. M. ALVARO, OP.
245 0 _aATTRAVERSO LE MISSIONI DOMENICANE. A VOLO D'UCCELLO.
250 _a1a ed.
260 _a TO
_bLA PALATINA, TIPOGR. DI BONIS G.
_c1933 [1° Ed.:1933 - Ed.Ling.Originale: 1933]
300 _a125 p.
500 _aPRIMI APOSTOLI DOMENICANI. CONQUISTA DI UN NUOVO MONDO. DAL PACIFICO AL BOSFORO. NELL'AFRICA. PERIODO DI RIFIORIMENTO E DECADENZA. TEMPI NOSTRI. INIZIATIVE GENIALI. MARTIRI DOMENICANI.
501 _aSocietà San Paolo EM - Piazza San Paolo, 14 - 12051 ALBA (CN) (non commercial uses only) ® Copyright 2017
520 _aPRIMI APOSTOLI DOMENICANI. CONQUISTA DI UN NUOVO MONDO. DAL PACIFICO AL BOSFORO. NELL'AFRICA. PERIODO DI RIFIORIMENTO E DECADENZA. TEMPI NOSTRI. INIZIATIVE GENIALI. MARTIRI DOMENICANI.
650 _aMISSIONOLOGIA
942 _cBK
957 _71
999 _a26135
_bSI
_g Copie: 1
_c280498
_d280498